Handel we współczesnej gospodarce źródła i przejawy innowacyjności

Guardado en:
Detalles Bibliográficos
Otros Autores: Slawinska, Maria
Formato: Libro
Lenguaje:polaco
inglés
Publicado: Poznań Wydawnictwo Uniwersytetu Ekonomicznego w Poznaniu 2011
Colección:Zeszyty naukowe 175
Materias:
Etiquetas: Agregar Etiqueta
Sin Etiquetas, Sea el primero en etiquetar este registro!

MARC

LEADER 00000nam a2200000 4500
001 0135004
005 20240109073619.5
020 |a 978-83-7417-583-8 
022 |a 1689-7374 
041 0 |a pol 
041 0 |a eng 
044 |a PL 
245 1 0 |a Handel we współczesnej gospodarce  |b źródła i przejawy innowacyjności  |c redaktor naukowy Maria Slawinska 
264 1 |a Poznań  |b Wydawnictwo Uniwersytetu Ekonomicznego w Poznaniu  |c 2011 
300 |a 327 s. 
490 1 |a Zeszyty naukowe  |v 175 
830 0 |a Zeszyty naukowe  |v 175 
610 2 0 |a podnik obchodný 
610 2 0 |a podnikanie malé 
610 2 0 |a podnik malý 
610 2 0 |a inovácia 
610 2 0 |a konkurencieschopnosť 
610 2 0 |a elektronika 
700 1 |a Slawinska, Maria